| 000 | 03285cas a2200721 i 4500 | ||
|---|---|---|---|
| 999 |
_c200440850 _d59062 |
||
| 003 | TR-AnTOB | ||
| 005 | 20210507143652.0 | ||
| 007 | ta | ||
| 008 | 210507c19749999enkmr p s 0 0eng d | ||
| 010 | _a 75640192 | ||
| 015 |
_a010592849 _2dnb |
||
| 016 | 7 |
_a87330-5 _2DE-600 |
|
| 016 | 7 |
_a007861180 _2Uk |
|
| 022 |
_a0306-395X _l0306-395X _22 |
||
| 030 | _aPEECDK | ||
| 035 | _a(OCoLC)ocm02240358 | ||
| 040 |
_aDLC _beng _erda _cDLC _dOCL _dNST _dAIP _dNST _dAIP _dHUL _dNST _dHUL _dGUA _dNSD _dDLC _dNST _dWAU _dEYM _dCRL _dNYG _dWAU _dCRL _dZCU _dMYG _dOCLCQ _dDLC _dNLGGC _dLVB _dNYDWH _dZCU _dOCLCQ _dGBVCP _dOCLCO _dORZ _dOCLCF _dOCLCO _dDLC _dTXQ _dUKMGB _dBEDGE _dOCLCO _dDOS _dOCLCO _dCUS _dFUG _dVVB _dTR-AnTOB |
||
| 041 | 0 | _aeng | |
| 050 | 0 | 0 |
_aHD9560.1 _b.P63 1974 |
| 099 | _a341.755 PET 1974 | ||
| 210 | 0 |
_aPet. econ. _b(Engl. ed.) |
|
| 222 | 0 |
_aPetroleum economist _b(English edition) |
|
| 245 | 0 | 4 | _aThe petroleum economist. |
| 264 | 1 |
_aLondon : _bPetroleum Press Bureau, _c1974- |
|
| 264 |
_3<2013->: _aLondon : _bThe Petroleum Economist Ltd |
||
| 300 |
_avolumes ; _c30 cm + _efolded maps |
||
| 310 | _aMonthly | ||
| 336 |
_atext _btxt _2rdacontent |
||
| 336 |
_acartographic image _bcri _2rdacontent |
||
| 337 |
_aunmediated _bn _2rdamedia |
||
| 338 |
_avolume _bnc _2rdacarrier |
||
| 362 | 0 | _aVol. 41, no. 1 (Jan. 1974)- | |
| 525 | _aBeginning with Apr. 1998, some issues accompanied by supplemental CDROM. | ||
| 580 | _aHas supplements: Prirodnyĭ gaz v byvshem Sovetskom Soi︠u︡ze, 1993-1995; Prirodnyĭ gaz v stranakh sodruzhestva, 1996; Prirodnyĭ gaz v stranakh SNG i Vostochnoĭ Evropy, 1997- ; Energy in the CIS & Eastern Europe, 1998- | ||
| 590 | _aSERBIB/SERLOC merged record | ||
| 650 | 0 |
_aPetroleum industry and trade _vPeriodicals. _924726 |
|
| 650 | 1 | 7 |
_aAardolie. _2gtt |
| 650 | 6 |
_aPétrole _xIndustrie et commerce _vPériodiques. |
|
| 650 | 1 | 7 |
_aPETROLEUM. _2unbist |
| 650 | 1 | 7 |
_aPETROLEUM INDUSTRY. _2unbist |
| 650 | 7 |
_aGaswirtschaft _2stw |
|
| 650 | 7 |
_aMineralölwirtschaft _2stw |
|
| 650 | 7 |
_aErdgasmarkt _2stw |
|
| 650 | 7 |
_aMineralölmarkt _2stw |
|
| 650 | 7 |
_aWelt _2stw |
|
| 650 | 7 |
_aPetroleum industry and trade. _2fast _0(OCoLC)fst01059546 |
|
| 650 | 7 |
_aPublications périodiques. _2eclas |
|
| 650 | 7 |
_aPétrole. _2eclas |
|
| 655 | 7 |
_aPeriodicals. _2fast _0(OCoLC)fst01411641 |
|
| 655 | 7 |
_aPeriodicals. _2lcgft |
|
| 770 | 1 |
_tPrirodnyĭ gaz v byvshem Sovetskom Soi︠u︡ze _g1993-1995 _w(DLC)sn 97021079 _w(OCoLC)36568568 |
|
| 770 | 1 |
_tPrirodnyĭ gaz v stranakh sodruzhestva _g1996 _w(DLC)sn 97021094 _w(OCoLC)36568583 |
|
| 770 | 1 |
_tPrirodnyĭ gaz v stranakh SNG i Vostochnoĭ Evropy _g1997- _w(DLC)sn 98021019 _w(OCoLC)38980164 |
|
| 770 | 1 |
_tEnergy in the CIS & Eastern Europe _w(DLC)sn 98052099 _w(OCoLC)38934172 |
|
| 770 | 0 |
_tFundamentals of the global offshore industry _w(DLC) 2004209935 _w(OCoLC)56821771 |
|
| 770 | 0 |
_tFundamentals of the world gas industry _w(DLC) 2008255504 _w(OCoLC)243783162 |
|
| 776 | 0 | 8 |
_iOnline version: _tPetroleum economist _w(DLC) 75640192 _w(OCoLC)712611806 |
| 780 | 0 | 0 |
_tPetroleum press service _w(DLC) 50000502 _w(OCoLC)2266032 |
| 780 | 0 | 5 |
_tGas world (London, England : 1974) _gspring 1996 _x0308-7654 _w(DLC) 76641221 _w(OCoLC)6691925 |
| 942 |
_2lcc _cBK |
||